Los siete saberes necesarios para la educación del futuro

Furkejuvvon:
Bibliográfalaš dieđut
Váldodahkki: Morin, Edgar (autor)
Materiálatiipa: Girji
Giella:espánnjágiella
Almmustuhtton: Bogotá Magisterio 2001
Preanttus:1a. ed
Fáttát:
Fáddágilkorat: Lasit fáddágilkoriid
Eai fáddágilkorat, Lasit vuosttaš fáddágilkora!

MARC

LEADER 00000nam a2200000 a 4500
001 UCI3606
003 CL-VaPUC
005 20241216122742.0
008 071116e20010000CK |||||||||||||||||spa|d
999 |c 327745  |d 327743 
020 |a 9582005998 
040 |c Pontificia Universidad Católica de Valparaíso 
082 0 4 |a 370.1  |b MOR  |2 21 
100 |a Morin, Edgar  |e autor  |9 459920 
245 1 4 |a Los siete saberes necesarios para la educación del futuro 
250 |a 1a. ed 
260 |a Bogotá  |b Magisterio  |c 2001 
300 |a 133 p 
583 |a last modification  |c 20071116 00:00:00  |k Rodrigo Vera 
650 0 |a Política educativa  |x Teoría de la educación  |9 258384 
650 0 |a Educación  |v Filosofía  |9 894888 
650 0 |a Enseñanza  |x Métodos  |x Planificación  |9 894889 
650 0 |a Educación universal  |x Educación moral  |x Educación ética   |9 307333 
942 |c BK  |2 ddc 
945 |d 20071116 00:00:00  |a jtorresc 
952 |0 0  |1 4  |2 ddc  |4 0  |6 370_100000000000000_MOR_2001  |7 0  |8 A  |9 411141  |a BIBEDU  |b BIBEDU  |d 2019-11-22  |i 4372506  |l 1  |m 1  |o 370.1 MOR 2001  |p 4372506  |r 2020-07-28  |s 2020-07-28  |w 2019-11-22  |y BK  |k EBA 
952 |0 0  |1 0  |4 0  |6 370_100000000000000_MOR_2001  |7 0  |8 A  |9 411142  |a BIBCUR  |b BIBCUR  |d 2019-11-22  |i 4372492  |o 370.1 MOR 2001  |p 4372492  |r 2025-04-22  |w 2019-11-22  |y BK  |k BCB